Statistics for Top XIs: Croatia (1982-2023)

Click here to take the quiz!

General Stats

  • This quiz has been taken 261 times
  • The average score is 194 of 450

Answer Stats

HintPositionAnswer% Correct
2008MFLuka Modrić
100%
2013MFLuka Modrić
100%
2010MFLuka Modrić
100%
2018 LNMFLuka Modrić
100%
2014MFLuka Modrić
100%
2018MFLuka Modrić
100%
2019MFLuka Modrić
100%
2007MFLuka Modrić
100%
2012MFLuka Modrić
100%
2017MFLuka Modrić
100%
2021 WCMFLuka Modrić
100%
2016MFLuka Modrić
100%
2021MFLuka Modrić
100%
2011MFLuka Modrić
100%
2022 WCMFLuka Modrić
100%
2022MFLuka Modrić
100%
2012MFIvan Perišić
91%
2023MFIvan Perišić
91%
2018 LNMFIvan Perišić
91%
2014MFIvan Perišić
91%
2019MFIvan Perišić
91%
2022 WCMFIvan Perišić
91%
2017MFIvan Perišić
91%
2020MFIvan Perišić
91%
2013MFIvan Perišić
91%
2018MFIvan Perišić
91%
2021MFIvan Perišić
91%
2016MFIvan Perišić
91%
2021 WCMFIvan Perišić
91%
2015MFIvan Perišić
91%
2018MFIvan Rakitić
91%
2010MFIvan Rakitić
91%
2009MFIvan Rakitić
91%
2014MFIvan Rakitić
91%
2018 LNMFIvan Rakitić
91%
2008MFIvan Rakitić
91%
2011MFIvan Rakitić
91%
2016MFIvan Rakitić
91%
2012MFIvan Rakitić
91%
2017MFIvan Rakitić
91%
2015MFIvan Rakitić
91%
2013MFIvan Rakitić
91%
2014STMario Mandžukić
89%
2015STMario Mandžukić
89%
2013STMario Mandžukić
89%
2011STMario Mandžukić
89%
2012STMario Mandžukić
89%
2017STMario Mandžukić
89%
2016STMario Mandžukić
89%
2018STMario Mandžukić
89%
2004MFNiko Kovač
89%
2008MFNiko Kovač
89%
2005MFNiko Kovač
89%
2000MFNiko Kovač
89%
2001MFNiko Kovač
89%
2002MFNiko Kovač
89%
2006MFNiko Kovač
89%
2007MFNiko Kovač
89%
2007DFRobert Kovač
89%
2005DFRobert Kovač
89%
2004DFRobert Kovač
89%
2003DFRobert Kovač
89%
2008DFRobert Kovač
89%
2002DFRobert Kovač
89%
2006DFRobert Kovač
89%
2000DFRobert Kovač
89%
2023MFMateo Kovačić
85%
2013MFMateo Kovačić
85%
2022 WCMFMateo Kovačić
85%
2019MFMateo Kovačić
85%
2022MFMateo Kovačić
85%
2021 WCMFMateo Kovačić
85%
2020MFMateo Kovačić
85%
2014MFMateo Kovačić
85%
1994STDavor Šuker
84%
1993STDavor Šuker
84%
1999STDavor Šuker
84%
1998STDavor Šuker
84%
1997STDavor Šuker
84%
1996STDavor Šuker
84%
1995STDavor Šuker
84%
2018DFDomagoj Vida
80%
2018 LNDFDomagoj Vida
80%
2015DFDomagoj Vida
80%
2019DFDomagoj Vida
80%
2016DFDomagoj Vida
80%
2017DFDomagoj Vida
80%
2021 WCDFDomagoj Vida
80%
2020DFDomagoj Vida
80%
2021 WCDFJoško Gvardiol
79%
2023DFJoško Gvardiol
79%
2022 WCDFJoško Gvardiol
79%
2021DFJoško Gvardiol
79%
2018 LNDFDejan Lovren
78%
2017DFDejan Lovren
78%
2014DFDejan Lovren
78%
2018DFDejan Lovren
78%
2019DFDejan Lovren
78%
2020DFDejan Lovren
78%
2018 LNMFMarcelo Brozović
78%
2019MFMarcelo Brozović
78%
2021MFMarcelo Brozović
78%
2021 WCMFMarcelo Brozović
78%
2018MFMarcelo Brozović
78%
2022MFMarcelo Brozović
78%
2016MFMarcelo Brozović
78%
2022 WCMFMarcelo Brozović
78%
2023MFMarcelo Brozović
78%
2003MFDarijo Srna
75%
2006MFDarijo Srna
75%
2005MFDarijo Srna
75%
2014DFDarijo Srna
75%
2016DFDarijo Srna
75%
2015DFDarijo Srna
75%
2007MFDarijo Srna
75%
2008MFDarijo Srna
75%
2009MFDarijo Srna
75%
2010DFDarijo Srna
75%
2011DFDarijo Srna
75%
2012DFDarijo Srna
75%
2013DFDarijo Srna
75%
2014STIvica Olić
74%
2008STIvica Olić
74%
2009STIvica Olić
74%
2013STIvica Olić
74%
2021 WCSTAnte Rebić
73%
2018 LNSTAnte Rebić
73%
2019STAnte Rebić
73%
2018STAnte Rebić
73%
2019STAndrej Kramarić
72%
2022 WCSTAndrej Kramarić
72%
2021STAndrej Kramarić
72%
2020STAndrej Kramarić
72%
2018 LNSTAndrej Kramarić
72%
2023STAndrej Kramarić
72%
2018DFŠime Vrsaljko
59%
2021 WCDFŠime Vrsaljko
59%
2017DFŠime Vrsaljko
59%
2011DFVedran Ćorluka
56%
2015DFVedran Ćorluka
56%
2007DFVedran Ćorluka
56%
2008DFVedran Ćorluka
56%
2009DFVedran Ćorluka
56%
2012DFVedran Ćorluka
56%
2013DFVedran Ćorluka
56%
2014DFVedran Ćorluka
56%
2016DFVedran Ćorluka
56%
1999MFZvonimir Boban
56%
1995MFZvonimir Boban
56%
1994MFZvonimir Boban
56%
1993MFZvonimir Boban
56%
1992MFZvonimir Boban
56%
1996MFZvonimir Boban
56%
1997MFZvonimir Boban
56%
1991MFZvonimir Boban
56%
1988MFZvonimir Boban
56%
1998MFZvonimir Boban
56%
1989MFZvonimir Boban
56%
1997MFRobert Prosinečki
48%
1995MFRobert Prosinečki
48%
1989MFRobert Prosinečki
48%
2001MFRobert Prosinečki
48%
1996MFRobert Prosinečki
48%
2020DFDuje Ćaleta-Car
47%
2023DFDuje Ćaleta-Car
47%
2021 WCDFDuje Ćaleta-Car
47%
2021DFDuje Ćaleta-Car
47%
2021DFBorna Sosa
46%
2023DFBorna Sosa
46%
2023MFMario Pašalić
45%
2022MFMario Pašalić
45%
2021MFMario Pašalić
45%
2020MFMario Pašalić
45%
2003DFDario Šimić
44%
2001DFDario Šimić
44%
2004DFDario Šimić
44%
2000DFDario Šimić
44%
1997DFDario Šimić
44%
2006DFDario Šimić
44%
1998DFDario Šimić
44%
2007DFDario Šimić
44%
1999DFDario Šimić
44%
2010STEduardo
44%
2007STEduardo
44%
2009STEduardo
44%
2011DFIvan Strinić
44%
2018DFIvan Strinić
44%
2016DFIvan Strinić
44%
2012DFIvan Strinić
44%
2013DFIvan Strinić
44%
2017STNikola Kalinić
44%
2015STNikola Kalinić
44%
2021DFJosip Juranović
42%
2023DFJosip Juranović
42%
2022 WCDFJosip Juranović
42%
2022DFJosip Juranović
42%
1994DFSlaven Bilić
42%
1992DFSlaven Bilić
42%
1997DFSlaven Bilić
42%
1998DFSlaven Bilić
42%
1996DFSlaven Bilić
42%
1995DFSlaven Bilić
42%
1989STZlatko Kranjčar
41%
1983STZlatko Kranjčar
41%
1990STZlatko Kranjčar
41%
1985STZlatko Kranjčar
41%
1986STZlatko Kranjčar
41%
2011DFJosip Šimunić
40%
2008DFJosip Šimunić
40%
2006DFJosip Šimunić
40%
2009DFJosip Šimunić
40%
2005DFJosip Šimunić
40%
2004DFJosip Šimunić
40%
2010DFJosip Šimunić
40%
2013DFJosip Šimunić
40%
2002DFJosip Šimunić
40%
2003DFJosip Šimunić
40%
2007DFJosip Šimunić
40%
2001MFRobert Jarni
39%
1993DFRobert Jarni
39%
1996DFRobert Jarni
39%
1999DFRobert Jarni
39%
2000MFRobert Jarni
39%
1994DFRobert Jarni
39%
1998DFRobert Jarni
39%
1995MFRobert Jarni
39%
2002MFRobert Jarni
39%
1997DFRobert Jarni
39%
2014DFDanijel Pranjić
38%
2008DFDanijel Pranjić
38%
2009DFDanijel Pranjić
38%
2010DFDanijel Pranjić
38%
2006DFIgor Tudor
37%
2001DFIgor Tudor
37%
2004MFIgor Tudor
37%
2005DFIgor Tudor
37%
2021MFNikola Vlašić
37%
2020MFNikola Vlašić
37%
2021 WCMFNikola Vlašić
37%
2003STDado Pršo
35%
2004STDado Pršo
35%
2006STDado Pršo
35%
2005STDado Pršo
35%
1996STGoran Vlaović
34%
1998STGoran Vlaović
34%
2001STGoran Vlaović
34%
2006STIvan Klasnić
34%
2005STIvan Klasnić
34%
2015MFMarko Pjaca
34%
2022 WCDFBorna Barišić
33%
2019DFBorna Barišić
33%
2007STMladen Petrić
33%
2008STMladen Petrić
33%
2010STMladen Petrić
33%
1991MFAljoša Asanović
32%
1998MFAljoša Asanović
32%
1999MFAljoša Asanović
32%
1994MFAljoša Asanović
32%
1987MFAljoša Asanović
32%
1996MFAljoša Asanović
32%
1988MFAljoša Asanović
32%
1997MFAljoša Asanović
32%
2000STAlen Bokšić
31%
1995STAlen Bokšić
31%
2002STAlen Bokšić
31%
1997STAlen Bokšić
31%
1993STAlen Bokšić
31%
1994DFIgor Štimac
31%
1992DFIgor Štimac
31%
1996DFIgor Štimac
31%
1995DFIgor Štimac
31%
1998DFIgor Štimac
31%
2000DFIgor Štimac
31%
2022DFJosip Šutalo
30%
2023STJosip Brekalo
29%
2022STJosip Brekalo
29%
2022 WCSTJosip Brekalo
29%
2020STJosip Brekalo
29%
2000MFMario Stanić
27%
1999MFMario Stanić
27%
1998MFMario Stanić
27%
1996MFMario Stanić
27%
2022STAnte Budimir
26%
2002MFMilan Rapaić
26%
2003MFMilan Rapaić
26%
2001MFMilan Rapaić
26%
2004MFMilan Rapaić
26%
2012STNikica Jelavić
26%
2011STNikica Jelavić
26%
2001DFZvonimir Soldo
26%
1998MFZvonimir Soldo
26%
2000DFZvonimir Soldo
26%
1999DFZvonimir Soldo
26%
2002MFZvonimir Soldo
26%
2022DFJosip Stanišić
25%
2022DFMartin Erlić
24%
2022 WCDFMartin Erlić
24%
2017MFMilan Badelj
24%
2015MFMilan Badelj
24%
2016MFMilan Badelj
24%
2000STBoško Balaban
22%
2001STBoško Balaban
22%
2010DFGordon Schildenfeld
21%
2012DFGordon Schildenfeld
21%
2019DFTin Jedvaj
21%
2018 LNDFTin Jedvaj
21%
2004DFBoris Živković
20%
2003DFBoris Živković
20%
2001DFBoris Živković
20%
2018 LNDFJosip Pivarić
20%
2017DFJosip Pivarić
20%
2015DFJosip Pivarić
20%
1993DFZoran Živković
20%
1997STIgor Cvitanović
19%
1994STIgor Cvitanović
19%
2011MFOgnjen Vukojević
19%
2009MFOgnjen Vukojević
19%
2010MFOgnjen Vukojević
19%
2012MFOgnjen Vukojević
19%
2006MFMarko Babić
18%
2005MFMarko Babić
18%
1995DFNikola Jerkan
18%
1992DFNikola Jerkan
18%
1994DFNikola Jerkan
18%
1996DFNikola Jerkan
18%
2020DFFilip Uremović
17%
1987STZlatko Vujović
17%
1983STZlatko Vujović
17%
1989STZlatko Vujović
17%
1985STZlatko Vujović
17%
1986STZlatko Vujović
17%
1982STZlatko Vujović
17%
1988STZlatko Vujović
17%
1984STZlatko Vujović
17%
1986DFZoran Vujović
17%
1985DFZoran Vujović
17%
1987DFZoran Vujović
17%
1983DFZoran Vujović
17%
1989DFZoran Vujović
17%
2004STTomislav Šokota
16%
1983MFVelimir Zajec
16%
1985MFVelimir Zajec
16%
1982MFVelimir Zajec
16%
1984MFVelimir Zajec
16%
2003MFJerko Leko
15%
2002DFStjepan Tomas
15%
2005DFStjepan Tomas
15%
2002STDavor Vugrinec
14%
1999STDavor Vugrinec
14%
1988DFGoran Jurić
14%
1997DFGoran Jurić
14%
1989DFGoran Jurić
14%
1999MFIgor Bišćan
14%
1986DFJosip Čop
14%
1985DFJosip Čop
14%
1984DFJosip Čop
14%
1986STPredrag Jurić
14%
1984MFIvan Gudelj
13%
1982MFIvan Gudelj
13%
1986MFIvan Gudelj
13%
1985MFIvan Gudelj
13%
1983MFIvan Gudelj
13%
1987MFMarko Mlinarić
12%
1985MFMarko Mlinarić
12%
1988MFMarko Mlinarić
12%
1983MFMarko Mlinarić
12%
1986MFMarko Mlinarić
12%
1990MFMarko Mlinarić
12%
1991DFZoran Vulić
12%
1987DFZoran Vulić
12%
1986DFZoran Vulić
12%
1988DFZoran Vulić
12%
1989DFZoran Vulić
12%
2003STIvica Mornar
11%
1999DFDanijel Šarić
9%
2002DFDanijel Šarić
9%
1982MFIvica Šurjak
9%
1985MFIvica Šurjak
9%
1983MFIvica Šurjak
9%
1991STNikola Jurčević
9%
1994MFNikola Jurčević
9%
2000MFKrunoslav Jurčić
7%
1992MFGoran Vučević
6%
1987MFStipe Andrijašević
6%
1992MFStipe Andrijašević
6%
1984STStjepan Deverić
6%
1982STStjepan Deverić
6%
1982MFJurica Jerković
5%
1989DFAndrej Panadić
4%
1984STBorislav Cvetković
4%
1987STBorislav Cvetković
4%
1988STBorislav Cvetković
4%
2004MFĐovani Rosso
4%
2003MFĐovani Rosso
4%
1992DFDubravko Pavličić
4%
1995DFDubravko Pavličić
4%
1993DFDubravko Pavličić
4%
2009DFIvica Križanac
4%
1990MFKujtim Shala
4%
2010MFNiko Kranjčar
4%
2006MFNiko Kranjčar
4%
2007MFNiko Kranjčar
4%
2011MFNiko Kranjčar
4%
2005MFNiko Kranjčar
4%
2009MFNiko Kranjčar
4%
1992STRobert Špehar
4%
1983DFZvjezdan Cvetković
4%
1982DFZvjezdan Cvetković
4%
1987DFZvjezdan Cvetković
4%
1993MFAnte Miše
3%
1992MFAnte Miše
3%
1995MFMladen Mladenović
3%
1990MFMladen Mladenović
3%
1993MFMladen Mladenović
3%
1989MFMladen Mladenović
3%
1994MFMladen Mladenović
3%
1991MFMladen Mladenović
3%
1990MFDragutin Čelić
2%
1990STIvan Cvjetković
2%
1991STIvan Cvjetković
2%
1984DFLuka Peruzović
2%
1982DFLuka Peruzović
2%
1983DFLuka Peruzović
2%
1987DFBranko Miljuš
1%
1986DFBranko Miljuš
1%
1988DFBranko Miljuš
1%
1985DFBranko Miljuš
1%
1984DFBranko Miljuš
1%
1991DFDarko Dražić
1%
1990DFDarko Dražić
1%
1982DFMiloš Hrstić
1%
1984MFNenad Gračan
1%
1986MFNenad Gračan
1%
1993DFSaša Peršon
1%
1990DFSaša Peršon
1%
1991DFSlavko Ištvanić
1%
1984DFSrećko Bogdan
1%
1985DFSrećko Bogdan
1%
1982DFSrećko Bogdan
1%
1983DFSrećko Bogdan
1%
1990DFSrećko Bogdan
1%
1991DFSrećko Bogdan
1%
1993MFŽeljko Adžić
1%
1988MFIvica Barbarić
0%
1989MFIvica Barbarić
0%
1992STJosip Weber
0%
1987DFVlado Kasalo
0%
1990DFVlado Kasalo
0%
1988DFVlado Kasalo
0%
1991MFŽeljko Župetić
0%

Score Distribution

Percentile by Number Answered

Percent of People with Each Score

Your Score History

You have not taken this quiz